Loading...
Sanskriti kee uttarkatha/
| Main Author: | |
|---|---|
| Format: | Printed Book |
| Published: |
New Delhi:
Vani Prakashan,
c2012.
|
| Subjects: |
| LEADER | 00530nam a22001697a 4500 | ||
|---|---|---|---|
| 008 | 140827b ii||||| |||| 00| 0 hin d | ||
| 999 | |c 247702 |d 247702 | ||
| 020 | |c INR 395 | ||
| 082 | |a S 51 | ||
| 100 | |a Shambhunath | ||
| 245 | |a Sanskriti kee uttarkatha/ |c Sambhunath | ||
| 260 | |a New Delhi: |b Vani Prakashan, |c c2012. | ||
| 546 | |a In Hindi. | ||
| 650 | |a Criticism | ||
| 653 | |a Alochana | ||
| 942 | |c BK | ||
| 952 | |0 0 |1 0 |4 0 |6 S_51_000000000000000 |7 0 |9 275038 |a HIN |b HIN |c S 51 |d 2017-07-05 |g 395.00 |i 24865 |l 0 |o S 51 |p HIN24865 |r 2017-07-05 |w 2017-07-05 |y BK | ||